| Tag |
First Indicator |
Second Indicator |
Subfields |
| LEADER |
00000pam a2200000 a 4500 |
| 001 |
in00000088986 |
| 005 |
20151008063344.0 |
| 008 |
810921s1981 dcua b 00000 eng |
| 010 |
|
|
|a 81016779
|
| 020 |
|
|
|a 0309031818 (pbk.)
|
| 035 |
|
|
|a (OCoLC)07837843
|
| 035 |
|
|
|9 AAK2075AM
|
| 039 |
0 |
|
|a 2
|b 3
|c 3
|d 3
|e 3
|
| 040 |
|
|
|a DLC
|c DLC
|d TXA
|d UtOrBLW
|
| 049 |
|
|
|a TXAM
|c 1 [800618]
|a TXAS [dyks]
|c 2
|
| 050 |
0 |
0 |
|a SF95
|b .E3
|
| 082 |
0 |
|
|a 636.08/52
|2 19
|
| 245 |
0 |
0 |
|a Effect of environment on nutrient requirements of domestic animals /
|c Subcommittee on Environmental Stress, Committee on Animal Nutrition, Board on Agricultural and Renewable Resources, Commission on Natural Resources, National Research Council.
|
| 264 |
|
1 |
|a Washington, D.C. :
|b National Academy Press,
|c 1981.
|
| 300 |
|
|
|a xiv, 152 pages :
|b illustrations ;
|c 23 cm.
|
| 336 |
|
|
|a text
|b txt
|2 rdacontent
|
| 337 |
|
|
|a unmediated
|b n
|2 rdamedia
|
| 338 |
|
|
|a volume
|b nc
|2 rdacarrier
|
| 504 |
|
|
|a Bibliography: pages 137-152.
|
| 650 |
|
0 |
|a Animal nutrition.
|
| 650 |
|
0 |
|a Temperature
|x Physiological effect.
|
| 650 |
|
0 |
|a Stress (Physiology)
|
| 650 |
|
0 |
|a Veterinary physiology.
|
| 710 |
2 |
|
|a National Research Council (U.S.).
|b Committee on Animal Nutrition.
|b Subcommittee on Environmental Stress.
|
| 999 |
|
|
|a MARS
|
| 999 |
f |
f |
|s 54d2e92e-95aa-3e4d-9af8-ea65ca95bb32
|i 77a73578-9f5c-3729-a3ab-03f2ec1c8259
|t 0
|
| 952 |
f |
f |
|p ric
|a Texas A&M University
|b Rellis Campus
|c Joint Library Facility
|d Remote Storage
|t 0
|e SF95 .E3
|h Library of Congress classification
|i unmediated -- volume
|m A14806237822
|
| 952 |
f |
f |
|p noncirc
|a Texas A&M University
|b College Station
|c Cushing Memorial Library & Archives
|d Cushing: Dykes (Does not check out)
|t 0
|e SF95 .E3 1981
|h Library of Congress classification
|i unmediated -- volume
|m A14851921768
|
| 998 |
f |
f |
|a SF95 .E3
|t 0
|l Remote Storage
|
| 998 |
f |
f |
|a SF95 .E3 1981
|t 0
|l Cushing: Dykes (Does not check out)
|